000 00723nam a22002531 4500
001 33361
003 BD-RjUL
005 20211209052007.0
008 140507s1963 nyua b 001 0 eng
035 _a(BD-RjUL)33452
040 _aDLC
_cDLC
_dDLC
_dBD-RjUL
_beng
041 _aeng
082 0 0 _a301.018
_bMAO 1963
100 1 _aMadge, John,
_d1914-
_9101265
245 1 4 _aThe origins of scientific sociology /
_cjohn madge
260 _aNew York :
_bFree Press of Glencoe,
_c1962.
300 _a600 p. :
_bill. ;
_c22 cm.
504 _aIncludes bibliography and index.
650 0 _aSociology
_xMethodology.
_9101266
650 0 _aSociology.
_9101267
942 _2ddc
_cBK
999 _c33361
_d33361